| 000 | 01671nam0a2200361 i 4500 | ||
|---|---|---|---|
| 001 | RU\NLR\bibl\1993424 | ||
| 005 | 20240921173735.0 | ||
| 010 |
_a9785896652519 _9300 |
||
| 021 |
_aRU _b2013-1244 _981 |
||
| 035 | _a(nilc)RuMoRGB-006518920 | ||
| 035 | _a(NLR Aleph) 001981905 | ||
| 090 |
_a4102454 _c4102454 |
||
| 100 | _a20130130d2012 k y0rusy50 ca | ||
| 101 | 0 | _arus | |
| 102 | _aRU | ||
| 105 | _aa ||||||||| | ||
| 200 | 1 |
_aЧеловек в сфере частной жизни: векторы трансформации семейных отношений _fА.Р. Михеева _gРос. акад. наук, Сибир. отд-ние, Федер. гос. бюджет. учреждение науки Ин-т экономики и орг. пром. пр-ва Сиб. отд-ния Рос. акад. наук |
|
| 210 |
_aНовосибирск _cИЭОПП СО РАН _d2012 |
||
| 215 |
_a155 с. _cил. _d20 |
||
| 320 | _aБиблиогр.: с. 143-155 и в подстроч. примеч. | ||
| 606 | 1 |
_aСемья _xСоциологические исследования _z20 - 21 вв. _92437726 _3RU\NLR\AUTH\661450449 |
|
| 606 | 1 |
_aСемья _xДемографические исследования _yРоссийская Федерация _92311581 _3RU\NLR\AUTH\661383418 |
|
| 686 | 1 | _aС550.537 | |
| 686 | 1 | _aС73(2)74-242 | |
| 700 | 1 |
_aМихеева _bА. Р. _gАнна Рэмовна _4070 |
|
| 801 | 0 |
_aRU _bRuMoRKP _c20130130 _gRCR |
|
| 801 | 2 |
_aRU _bРГБ _c20130212 _grcr |
|
| 801 | 1 |
_aRU _bRuMoRKP _c20130130 _2rusmarc |
|
| 801 | 2 |
_aRU _bNLR _c20130130 _grcr |
|
| 942 | _cBOOK | ||
| 980 | _aNBR | ||